Gaming Quiz

Random Gaming or Pokémon Quiz
Score 0/65 Timer 12:00
0 Plays Today
Trainer Pokemon % Correct
RoarkAerodactyl
85.2%
FantinaGengar
85.2%
CandiceWeavile
85.2%
MiraGengar
85.2%
MarleyWeavile
85.2%
GardeniaRoserade
81.5%
MayleneLucario
81.5%
Crasher WakeFloatzel
81.5%
ByronBastiodon
81.5%
VolknerRaichu
81.5%
VolknerLuxray
81.5%
RileyLucario
81.5%
MarleyCrobat
81.5%
RoarkGolem
77.8%
GardeniaTorterra
77.8%
FantinaDrifblim
77.8%
MayleneMedicham
77.8%
MayleneMachamp
77.8%
Crasher WakeLudicolo
77.8%
ByronSteelix
77.8%
CandiceFroslass
77.8%
VolknerJolteon
77.8%
VolknerLanturn
77.8%
CherylDrifblim
77.8%
RileyMetagross
77.8%
RileySalamence
77.8%
RoarkRampardos
74.1%
FantinaDusknoir
74.1%
MayleneBreloom
74.1%
Crasher WakeGyarados
74.1%
ByronSkarmory
74.1%
ByronMagnezone
74.1%
ByronAggron
74.1%
Trainer Pokemon % Correct
CandiceMamoswine
74.1%
VolknerElectivire
74.1%
CherylBlissey
74.1%
MiraMagnezone
74.1%
MiraAlakazam
74.1%
BuckDusknoir
74.1%
BuckClaydol
74.1%
RoarkProbopass
70.4%
RoarkTyranitar
70.4%
GardeniaJumpluff
70.4%
FantinaBanette
70.4%
FantinaMismagius
70.4%
Crasher WakeSharpedo
70.4%
Crasher Wake Quagsire
70.4%
CandiceAbomasnow
70.4%
CandiceGlaceon
70.4%
BuckUmbreon
70.4%
MarleyArcanine
66.7%
GardeniaCherrim
63%
MayleneHitmontop
63%
RileyAbsol
63%
BuckShuckle
63%
BuckTorkoal
63%
CherylHariyama
59.3%
MarleyElectrode
59.3%
MiraTogekiss
55.6%
MarleyNinjask
55.6%
MiraPorygon-Z
51.9%
GardeniaBellossom
48.1%
CherylWobbuffet
44.4%
RileyUrsaring
44.4%
CherylWailord
40.7%
Remove Ads.
Support Sporcle.
Get the best of Sporcle when you Go Orange. This ad-free experience offers more features, more stats, and more fun while also helping to support Sporcle. Thank you for becoming a member.

You're not logged in!

Compare scores with friends on all Sporcle quizzes.
OR
Log In

Show Comments

Extras

Created Aug 27, 2014SourceReportNominate
Tags:Pokémon Quiz

Top Quizzes Today


Score Distribution

Your Account Isn't Verified!

In order to create a playlist on Sporcle, you need to verify the email address you used during registration. Go to your Sporcle Settings to finish the process.

Report this User

Report this user for behavior that violates our Community Guidelines.

Details: